Los destructores del capitalismo : marx, keynes & cia. s.a. /

Guardado en:
Autor Principal: Silberstein, Enrique
Formato: Libro
Publicado: Buenos Aires : Carlos Perez, 1969
Series:Coleccion Del Capitalismo
Materias:
Etiquetas: Agregar Etiqueta
Sin Etiquetas, Sea el primero en etiquetar este registro!
LEADER 00635nam a22002055a 4500
001 EHU.bham024952
003 AR-BHAM
005 20130508104010.0
008 130507s1969##################000#0#####d
082 3 3 |a 330.1 
100 1 |a Silberstein, Enrique 
245 1 0 |a Los destructores del capitalismo :  |b marx, keynes & cia. s.a. /  |c Enrique Silberstein 
260 |a Buenos Aires :  |b Carlos Perez,  |c 1969 
300 |a 125 p. 
490 0 |a Coleccion Del Capitalismo 
653 |a Donacion lejarraga 
653 |a Capitalismo 
653 |a Capitalismo-historia 
653 |a Marxismo 
859 |a AR-BHAM  |b BIB. HUMANIDADES - General  |h 330.1  |i SI39  |p 701.02  |t Ej.1